000 00546ntaaa2200193 4500
003 01
005 20251027203355.0
008 0714s1973 ag 01
020 _a8471185938
040 _aAR-BaBN
_bspa
_cAR-BaBN
_eaacr
_dRIC
100 _aIbáñez, Javier
_986
245 _aDios trino en personas /
_cJavier Ibáñez, Fernando Mendoza
260 _aMadrid :
_bEds. Palabra,
_c1988
300 _a222 p. ;
_c22 cm.
500 _aDonación de Tomás J. M. Mackey, 2021
650 _aTRINIDAD
700 _aMendoza, Fernando
_937779
942 _cBK
999 _c29295
_d29295